El Hijo Pródigo : revista literaria /

Número de la revista literaria El Hijo Pródigo, dedicado a la memoria del poeta mexicano Ramón López Velarde, en su 25 aniversario luctuoso, donde se presentan diversos artículos sobre la obra del escritor, de la pluma de otros literatos mexicanos: José Luis Martínez, Francisco Monterde, Ermilo Abre...

תיאור מלא

שמור ב:
מידע ביבליוגרפי
מחברים אחרים: Villaurrutia, Xavier (dirección) (dirección)
פורמט: ספר
שפה:ספרדית
יצא לאור: México : Letras de México, 1946
נושאים:
תגים: הוספת תג
אין תגיות, היה/י הראשונ/ה לתייג את הרשומה!

MARC

LEADER 00000nam^a2200000^a^4500
001 000113418
005 20250521000000.0
009 20260310093941.637
037 |a Acervo ITESO - Biblioteca 
041 |a ESP 
082 |a 805.  |b HIJ 1946 V. 39 
240 1 4 |a [El Hijo Pródigo] 
245 0 3 |a El Hijo Pródigo :  |b revista literaria /  |c Dir. de X. Villaurrutia. 
264 1 |a México :  |b Letras de México,  |c 1946 
300 |a p. 125-178 
336 |a texto  |b txt  |2 rdacontenido 
337 |a sin mediación  |b n  |2 rdamedio 
338 |a volumen  |b nc  |2 rdasoporte 
520 |a Número de la revista literaria El Hijo Pródigo, dedicado a la memoria del poeta mexicano Ramón López Velarde, en su 25 aniversario luctuoso, donde se presentan diversos artículos sobre la obra del escritor, de la pluma de otros literatos mexicanos: José Luis Martínez, Francisco Monterde, Ermilo Abreu Gómez y Alí Chumacero entre otros. 
545 0 |a Ramón López Velarde (Jerez, 1888 – Ciudad de México, 1921), poeta zacatecano, es autor de una obra breve en prosa y en verso, pero que es considerada un punto de inflexión en la poesía mexicana del siglo XX. Colaborador de revistas y periódicos de San Luis Potosí, Aguascalientes, Guadalajara, Zacatecas y en la ciudad de México, López Velarde publicó La sangre devota (1916) y Zozobra (1919). El son del corazón, su tercer libro de poesía, apareció de modo póstumo en 1932 y una compilación de sus artículos fue reunida en El minutero (1923). 
649 |a XX 
650 |a Literatura -  |x Publicaciones Periódicas Mexicanas -  |x Tema Principal 
650 |a Escritores Mexicanos 
650 |a Poesía Mexicana -  |x Historia y Crítica 
650 |a Literatura Mexicana -  |x Historia y Crítica 
650 |a Literatura Mexicana -  |y Siglo XX 
650 |a López Velarde, Ramón -  |x Tema Principal 
700 |a Villaurrutia, Xavier  |e (dirección) 
910 |a Fondo Salvador Reynoso Reynoso 
920 |a Impresos - Libros 
930 |a Fondos Especiales 
940 |a Literatura 
905 |a 112 
901 |a 0800001971  |b IT2  |c ESP  |u 20250521 
901 |a 0800002199  |b IT2  |c ESP  |u 20250521 
902 |a https://opac.biblio.iteso.mx/vufind/Record/000113418